000 00415nam a2200169Ia 4500
003 GCL
008 140319s9999 xx 000 0 eng d
040 _aGCL /
_cGCL
082 0 4 _a005.3
_bO N
100 1 _aOLIVER, DICK
245 1 0 _aNETSCAPE: UNLEASHED /
_cOLIVER, DICK
260 _a[S.N] :
_bSAM NET ،
_c1996
300 _a942 P
650 0 4 _aNET SCAPE
650 0 4 _aCOMPUTER - PROPGRAMME
942 _2ddc
_cBK
999 _c13586
_d13586